Optické vláknové senzory /

Enregistré dans:
Détails bibliographiques
Auteurs principaux: Turán, Ján (Auteur), Petrík, Stanislav (Auteur)
Format: Livre
Publié: Bratislava : Alfa, 1990
Tags: Ajouter un tag
Pas de tags, Soyez le premier à ajouter un tag!

MARC

LEADER 00000nam a22000003a 4500
001 stu47249
005 20150617225710.2
008 ------s1990----cs----------------------d
040 |a STU  |b slo 
041 0
044 |a cs 
080 |a 681.586.73 
100 1 |a Turán, Ján  |4 aut 
245 1 |a Optické vláknové senzory /  |c [aut.] Turán,Ján; Petrík,Stanislav 
260 |a Bratislava :  |b Alfa,  |c 1990 
300 |a 250 s 
700 1 |a Petrík, Stanislav  |4 aut 
996 |b J86489  |c J*86489-86491/K 3  |l JJK3  |s P  |a 0  |w stu47249_0001 
996 |b J86490  |c J*86489-86491/K 3  |l JJK3  |s P  |a 0  |w stu47249_0002 
996 |b J86491  |c J*86489-86491/K 3  |l JJK3  |s P  |a 0  |w stu47249_0003 
996 |b J86504  |c J*86504-86505/K 1  |l JJK1  |s P  |a 0  |w stu47249_0004 
996 |b J86505  |c J*86504-86505/K 1  |l JJK1  |s P  |a 0  |w stu47249_0005